000 01764nam a2200493 i 4500
001 55866
003 KOSZ 005
005 20210526150016.0
008 070528s2007 pl a f f |000 0 pol
015 _aUWD 2007/21299
020 _a9788360432167
035 _a991034210949705066
035 _a(PL-WaBN)b19152279-48omnis_nlop
035 _ab19152279
035 _a(OCoLC)749211215
035 _a(PL)b0000001915227
035 _a(EXLNZ-48OMNIS_NETWORK)9910260931505606
040 _aWA N
_cWA N
_dKOSZ 005/HR
046 _k2007
080 _a347.235(438)
080 _a332.7(438)
080 _a(075.8)
245 0 0 _aRynek nieruchomości i jego podmioty /
_cred. nauk. Elżbieta Gołąbeska ; Wyższa Szkoła Finansów i Zarządzania w Białymstoku.
260 _aBiałystok :
_bWydawnictwo Wyższej Szkoły Finansów i Zarządzania,
_c2007.
300 _a171 s. :
_bil. ;
_c24 cm.
336 _aTekst
_btxt
_2rdacontent
337 _aBez urządzenia pośredniczącego
_bn
_2rdamedia
338 _aWolumin
_bnc
_2rdacarrier
380 _aKsiążki
380 _aPublikacje dydaktyczne
385 _mPoziom nauczania
_aSzkoły wyższe
388 _a2001-
504 _aBibliogr. s. 163-166.
650 7 _aRynek nieruchomości
_2DBN
650 7 _aRzeczoznawcy majątkowi
650 7 _aPośrednicy w obrocie nieruchomościami
651 _aPolska
658 _aGospodarka, ekonomia, finanse
700 1 _aGołąbeska, Elżbieta
_eRedakcja
710 2 _aWydawnictwo Wyższej Szkoły Finansów i Zarządzania (Białystok)
_4pbl
856 _uhttp://koha.tu.koszalin.pl/cgi-bin/koha/opac-detail.pl?biblionumber=55866
_yKatalog online BPK
942 _2UKD
_cKS
999 _c55866
_d55866